000 00621cam a22002293a 4500
001 28256
003 PGUSA
005 20140828083617.0
008 090305s2009||||xxu|||||s|||||000 | eng d
040 _aPGUSA
_beng
042 _adc
050 4 _aBS
100 1 _aJerram, S. J.
_q(Samuel John)
245 1 0 _aThoughts on a Revelation
_h[electronic resource] /
_cS. J. Jerram
260 _bProject Gutenberg,
_c2009
506 _aPublic domain in the USA.
516 _aElectronic text
653 _aRevelation
830 0 _aProject Gutenberg
_v28256
856 4 0 _uhttp://www.gutenberg.org/ebooks/28256
942 _cEB
999 _c257511
_d257511